[Event "24th Barcelona Open-A 2019"]
[Site "Barcelona"]
[Date "2019.10.02"]
[Round "6.15"]
[White "Gomez Anadon, Daniel"]
[Black "Setyaki, Azarya Jodi"]
[Result "1/2-1/2"]
[WhiteElo "2245"]
[BlackElo "2398"]
[Annotator "TA"]
[PlyCount "49"]
[EventDate "2019.09.27"]
[EventType "swiss"]
[EventCountry "ESP"]
[SourceTitle "playchess.com"]
[Source "ChessBase"]
[SourceQuality "1"]

{[%evp 15,49,0,12,7,12,4,43,0,6,0,0,0,0,-2,32,0,0,0,0,0,10,0,18,0,66,55,62,81,84,70,79,14,33,41,35,0]} 1. e4 e5 2. Nf3 Nc6 3. Bc4 Bc5 4. c3 Nf6 5. d4 exd4 6. cxd4 Bb4+ 7. Nbd2 d5 8. exd5 Nxd5 9. O-O {C54: Giuoco Piano: 4 c3 Nf6, main lines with 5 d4 and 5 d3} O-O 10. a3 (10. Ne5 Nb6 11. Nxc6 bxc6 12. Bd3 Qxd4 13. Nf3 Qd5 14. Qc2 Qh5 15. Bf4 Bd6 16. Bg3 c5 {½-½ (39) Smirnov,P (2626)-Khismatullin,D (2680) Izhevsk 2014}) 10... Ba5 11. Ba2 $146 ({Predecessor:} 11. Nb3 Bb6 12. Bg5 f6 13. Bh4 Na5 14. Nxa5 Bxa5 15. Rc1 Be6 16. b4 Bb6 {½-½ (30) Nguyen,T (2239)-Szabo,K (2543) Ruzomberok 2014}) 11... Nce7 12. Nc4 Bb6 13. Re1 c6 14. Nxb6 axb6 15. Bd2 (15. Bg5 $5 {[%cal Ra2d5]} f6 16. Bd2 $11) 15... Bf5 16. Ne5 f6 17. Nc4 Kh8 18. Qf3 Re8 19. Qg3 {And now Nd6 would win.} Bg6 (19... Qd7 $11) 20. Nd6 $14 Nf5 21. Rxe8+ Qxe8 22. Nxe8 Nxg3 {[#]} 23. hxg3 ({White should play} 23. Nxf6 $1 $16 Ne2+ 24. Kf1 gxf6 25. Kxe2) 23... Rxe8 24. Bxd5 {aiming for Bb3.} cxd5 25. Re1 1/2-1/2

[Event "24th Barcelona Open-A 2019"]
[Site "Barcelona"]
[Date "2019.10.02"]
[Round "6.16"]
[White "Ayats Llobera, Gerard"]
[Black "Aroesti, Roee"]
[Result "1-0"]
[WhiteElo "2384"]
[BlackElo "2252"]
[Annotator "NA"]
[PlyCount "88"]
[EventDate "2019.09.27"]
[EventType "swiss"]
[EventCountry "ESP"]
[SourceTitle "playchess.com"]
[Source "ChessBase"]
[SourceQuality "1"]
[TimeControl "5400+30"]

1. e4 c5 2. Nc3 Nc6 3. g3 g6 4. Bg2 Bg7 5. d3 e6 6. Be3 d6 7. Qd2 Rb8 8. f4 Nge7 9. Nh3 b6 10. Bf2 Nd4 11. O-O O-O 12. Kh1 Bb7 13. Nd1 e5 14. f5 gxf5 15. Bxd4 cxd4 16. exf5 Nd5 17. c4 dxc3 18. bxc3 Qf6 19. Be4 Qh6 20. Qg2 Ba8 21. Bxd5 Bxd5 22. Qxd5 Qxh3 23. Ne3 Bh6 24. Nc4 Rbc8 25. Rae1 b5 26. Nxd6 Rxc3 27. Rf2 Be3 28. Rg2 Bd4 29. Qxb5 Qh6 30. Ne4 Rc1 31. Rge2 Rfc8 32. Qd7 R1c7 33. Qd5 Qc6 34. Qd6 Qxd6 35. Nxd6 Rb8 36. f6 Rc6 37. Ne4 a5 38. Kg2 a4 39. Kf3 a3 40. g4 Rb2 41. g5 h6 42. h4 Rcc2 43. Rxc2 Rxc2 44. Re2 Rc1 1-0

[Event "24th Barcelona Open-A 2019"]
[Site "Barcelona"]
[Date "2019.10.02"]
[Round "6.17"]
[White "Herrera Reyes, Jose Antonio"]
[Black "Herraiz Hidalgo, Herminio"]
[Result "0-1"]
[WhiteElo "2318"]
[BlackElo "2410"]
[Annotator "NA"]
[PlyCount "68"]
[EventDate "2019.09.27"]
[EventType "swiss"]
[EventCountry "ESP"]
[SourceTitle "playchess.com"]
[Source "ChessBase"]
[SourceQuality "1"]
[TimeControl "5400+30"]

1. Nf3 {[%emt 0:00:13]} d5 {[%emt 0:00:00]} 2. g3 {[%emt 0:00:06]} c6 {[%emt 0:00:01]} 3. Bg2 {[%emt 0:00:16]} Nf6 {[%emt 0:00:17]} 4. d3 {[%emt 0:00:05]} Bg4 {[%emt 0:00:36]} 5. c3 {[%emt 0:00:18]} Nbd7 {[%emt 0:00:36]} 6. O-O {[%emt 0:01:00]} e5 {[%emt 0:00:34]} 7. Qb3 {[%emt 0:00:08]} Qc7 {[%emt 0:00:49]} 8. e4 {[%emt 0:06:02]} Bd6 {[%emt 0:24:51]} 9. exd5 {[%emt 0:04:27]} cxd5 {[%emt 0:03:56]} 10. Na3 {[%emt 0:01:13]} a6 {[%emt 0:02:49]} 11. c4 {[%emt 0:03:17]} d4 {[%emt 0:11:46]} 12. Bg5 {[%emt 0:08:34]} O-O {[%emt 0:05:13]} 13. Rac1 {[%emt 0:08:38]} Nc5 {[%emt 0:05:52]} 14. Qd1 {[%emt 0:16:58]} e4 {[%emt 0:03:14]} 15. dxe4 {[%emt 0:01:39]} Nfxe4 {[%emt 0:00:19]} 16. Bd2 {[%emt 0:01:51]} Rad8 {[%emt 0:14:13]} 17. b4 {[%emt 0:13:59]} Nd3 {[%emt 0:02:16]} 18. c5 {[%emt 0:00:46]} Nxc1 {[%emt 0:05:09]} 19. cxd6 {[%emt 0:00:49]} Qxd6 {[%emt 0:01:04]} 20. Qxc1 {[%emt 0:01:40]} Rc8 {[%emt 0:05:19]} 21. Qb2 {[%emt 0:00:30]} Nxd2 {[%emt 0:04:41]} 22. Nxd2 {[%emt 0:00:56]} b5 {[%emt 0:00:32]} 23. Ne4 {[%emt 0:00:34]} Qb6 {[%emt 0:01:15]} 24. Nb1 {[%emt 0:02:56]} d3 {[%emt 0:01:58]} 25. Nbc3 {[%emt 0:01:16]} Qd4 {[%emt 0:00:53]} 26. Qd2 {[%emt 0:00:01]} f5 {[%emt 0:00:58]} 27. Nc5 {[%emt 0:13:33]} Qxb4 {[%emt 0:00:07]} 28. Bd5+ {[%emt 0:00:26]} Kh8 {[%emt 0:00:08]} 29. Ne6 {[%emt 0:00:11]} Qxc3 {[%emt 0:01:14]} 30. Qxc3 {[%emt 0:00:40]} Rxc3 {[%emt 0:00:04]} 31. f3 {[%emt 0:00:09]} Rfc8 {[%emt 0:01:44]} 32. fxg4 {[%emt 0:03:56]} d2 {[%emt 0:00:27]} 33. Kf2 {[%emt 0:00:19]} Rd3 {[%emt 0:00:46]} 34. Nf4 {[%emt 0:04:01]} d1=Q {[%emt 0:00:19]} 0-1

[Event "24th Barcelona Open-A 2019"]
[Site "Barcelona"]
[Date "2019.10.02"]
[Round "6.18"]
[White "Lever, Erwan"]
[Black "Cruz, Jonathan"]
[Result "0-1"]
[WhiteElo "2221"]
[BlackElo "2409"]
[Annotator "NA"]
[PlyCount "82"]
[EventDate "2019.09.27"]
[EventType "swiss"]
[EventCountry "ESP"]
[SourceTitle "playchess.com"]
[Source "ChessBase"]
[SourceQuality "1"]
[TimeControl "5400+30"]

1. d4 {[%emt 0:00:00]} Nf6 {[%emt 0:07:34]} 2. c4 {[%emt 0:00:00]} g6 {[%emt 0:00:22]} 3. Nc3 {[%emt 0:00:06]} d5 {[%emt 0:00:15]} 4. cxd5 {[%emt 0:00:05]} Nxd5 {[%emt 0:00:08]} 5. Bd2 {[%emt 0:00:58]} Bg7 {[%emt 0:00:36]} 6. e4 {[%emt 0:00:11]} Nxc3 {[%emt 0:00:18]} 7. Bxc3 {[%emt 0:00:06]} O-O {[%emt 0:00:16]} 8. Qd2 {[%emt 0:00:22]} b6 {[%emt 0:00:32]} 9. Rd1 {[%emt 0:05:40]} Qd7 {[%emt 0:11:15]} 10. Nf3 {[%emt 0:01:11]} Qg4 {[%emt 0:01:57]} 11. Qe3 {[%emt 0:01:50]} Bb7 {[%emt 0:00:58]} 12. d5 {[%emt 0:02:52]} Bxc3+ {[%emt 0:05:44]} 13. bxc3 {[%emt 0:00:04]} c6 {[%emt 0:00:57]} 14. h3 {[%emt 0:06:31]} Qc8 {[%emt 0:00:17]} 15. Qh6 {[%emt 0:26:52]} cxd5 {[%emt 0:01:39]} 16. c4 {[%emt 0:00:15]} f6 {[%emt 0:04:00]} 17. exd5 {[%emt 0:00:19]} e5 {[%emt 0:03:19]} 18. h4 {[%emt 0:04:55]} Rf7 {[%emt 0:07:01]} 19. h5 {[%emt 0:14:30]} g5 {[%emt 0:00:06]} 20. Nh2 {[%emt 0:07:31]} Qc5 {[%emt 0:11:43]} 21. Ng4 {[%emt 0:04:04]} Qb4+ {[%emt 0:04:26]} 22. Rd2 {[%emt 0:00:06]} Nd7 {[%emt 0:00:24]} 23. Rh3 {[%emt 0:03:05]} Qb1+ {[%emt 0:02:44]} 24. Rd1 {[%emt 0:00:09]} Qb4+ {[%emt 0:03:09]} 25. Rd2 {[%emt 0:00:06]} e4 {[%emt 0:02:02]} 26. Be2 {[%emt 0:01:04]} Re8 {[%emt 0:02:30]} 27. Re3 {[%emt 0:05:34]} Qd6 {[%emt 0:09:06]} 28. f3 {[%emt 0:00:39]} Nc5 {[%emt 0:00:32]} 29. Rd4 {[%emt 0:03:35]} Bc8 {[%emt 0:01:07]} 30. Nf2 {[%emt 0:04:48]} Qg3 {[%emt 0:00:58]} 31. Kf1 {[%emt 0:00:31]} f5 {[%emt 0:00:36]} 32. a4 {[%emt 0:05:06]} Ref8 {[%emt 0:02:07]} 33. Nh3 {[%emt 0:01:07]} f4 {[%emt 0:01:55]} 34. Qxg5+ {[%emt 0:01:18]} Qxg5 {[%emt 0:00:24]} 35. Nxg5 {[%emt 0:00:02]} fxe3 {[%emt 0:00:23]} 36. Nxf7 {[%emt 0:00:16]} Rxf7 {[%emt 0:01:15]} 37. a5 {[%emt 0:00:16]} Nb3 {[%emt 0:05:27]} 38. Rd1 {[%emt 0:00:19]} Nxa5 {[%emt 0:01:53]} 39. Ke1 {[%emt 0:00:11]} exf3 {[%emt 0:00:13]} 40. Bxf3 {[%emt 0:00:23]} Kf8 {[%emt 0:01:40]} 41. d6 {[%emt 0:00:58]} Be6 {[%emt 0:02:00]} 0-1

[Event "24th Barcelona Open-A 2019"]
[Site "Barcelona"]
[Date "2019.10.02"]
[Round "6.19"]
[White "Prats Rodriguez, Juan Bosco"]
[Black "Palacin Martin, Ricardo"]
[Result "0-1"]
[WhiteElo "1936"]
[BlackElo "1985"]
[Annotator "NA"]
[PlyCount "110"]
[EventDate "2019.09.27"]
[EventType "swiss"]
[EventCountry "ESP"]
[SourceTitle "playchess.com"]
[Source "ChessBase"]
[SourceQuality "1"]
[TimeControl "5400+30"]

1. e4 {[%emt 0:00:00]} c5 {[%emt 0:00:00]} 2. Nc3 {[%emt 0:00:00]} Nc6 {[%emt 0:00:00]} 3. g3 {[%emt 0:00:00]} g6 {[%emt 0:00:00]} 4. Bg2 {[%emt 0:00:00]} Bg7 5. d3 {[%emt 0:00:00]} d6 {[%emt 0:00:00]} 6. Be3 {[%emt 0:00:04]} Nf6 {[%emt 0:00:07]} 7. Nge2 {[%emt 0:00:27]} Ng4 {[%emt 0:07:49]} 8. Bd2 {[%emt 0:03:59]} Nd4 9. h3 Ne5 {[%emt 0:04:20]} 10. Nxd4 {[%emt 0:00:46]} cxd4 11. Nd5 {[%emt 0:07:02]} e6 {[%emt 0:02:13]} 12. Nf4 {[%emt 0:00:07]} Qb6 {[%emt 0:00:41]} 13. Rb1 {[%emt 0:08:30]} Bd7 {[%emt 0:01:37]} 14. O-O {[%emt 0:00:27]} Qa6 {[%emt 0:11:04]} 15. Bb4 {[%emt 0:05:29]} O-O 16. Ne2 {[%emt 0:00:57]} Qb6 {[%emt 0:01:35]} 17. Ba3 {[%emt 0:01:51]} Bb5 {[%emt 0:01:38]} 18. Kh2 {[%emt 0:07:01]} Rfd8 {[%emt 0:03:18]} 19. f4 {[%emt 0:00:50]} Nd7 {[%emt 0:00:10]} 20. Qd2 {[%emt 0:09:29]} Rac8 {[%emt 0:03:56]} 21. f5 {[%emt 0:01:05]} Be5 {[%emt 0:00:54]} 22. Rbc1 {[%emt 0:01:21]} Nc5 {[%emt 0:03:41]} 23. Nf4 {[%emt 0:07:19]} Re8 {[%emt 0:02:05]} 24. h4 {[%emt 0:00:51]} Bd7 {[%emt 0:04:43]} 25. Bh3 {[%emt 0:01:45]} Qd8 {[%emt 0:00:39]} 26. Qf2 {[%emt 0:02:06]} Qf6 {[%emt 0:03:57]} 27. Qf3 {[%emt 0:03:52]} gxf5 {[%emt 0:15:06]} 28. exf5 {[%emt 0:00:45]} exf5 {[%emt 0:00:13]} 29. Qh5 {[%emt 0:04:33]} Kh8 {[%emt 0:05:37]} 30. Rf2 {[%emt 0:07:59]} Rg8 {[%emt 0:01:53]} 31. Rg1 {[%emt 0:01:29]} Rg7 {[%emt 0:00:55]} 32. Nd5 {[%emt 0:05:39]} Qg6 {[%emt 0:10:36]} 33. Qxg6 {[%emt 0:00:02]} fxg6 {[%emt 0:00:29]} 34. Bg2 {[%emt 0:04:14]} Bc6 {[%emt 0:01:03]} 35. Nf4 {[%emt 0:03:52]} Re8 {[%emt 0:02:57]} 36. Re1 {[%emt 0:02:54]} Rge7 {[%emt 0:00:33]} 37. Rfe2 {[%emt 0:00:48]} Kg7 {[%emt 0:00:33]} 38. b3 {[%emt 0:00:55]} Kf6 {[%emt 0:00:43]} 39. Bb2 {[%emt 0:04:08]} Bxg2 {[%emt 0:01:49]} 40. Kxg2 {[%emt 0:00:14]} Bxf4 {[%emt 0:00:07]} 41. Rxe7 {[%emt 0:00:21]} Rxe7 {[%emt 0:00:13]} 42. Rxe7 {[%emt 0:00:16]} Kxe7 {[%emt 0:00:06]} 43. gxf4 {[%emt 0:00:06]} Ne6 {[%emt 0:00:05]} 44. Kf3 {[%emt 0:00:58]} Kd7 {[%emt 0:00:55]} 45. a4 {[%emt 0:00:26]} Kc6 {[%emt 0:00:21]} 46. Ba3 {[%emt 0:01:40]} b6 {[%emt 0:01:00]} 47. Kg3 {[%emt 0:00:29]} a6 {[%emt 0:00:39]} 48. Bb2 {[%emt 0:00:13]} Kd5 {[%emt 0:01:13]} 49. Ba3 {[%emt 0:00:24]} b5 {[%emt 0:00:15]} 50. axb5 axb5 {[%emt 0:00:02]} 51. Bb4 {[%emt 0:01:04]} Nd8 {[%emt 0:00:19]} 52. Bd2 {[%emt 0:00:53]} Nc6 {[%emt 0:00:48]} 53. h5 {[%emt 0:00:57]} Ke6 {[%emt 0:01:49]} 54. hxg6 {[%emt 0:00:06]} hxg6 {[%emt 0:00:02]} 55. Bc1 {[%emt 0:00:38]} Nb4 {[%emt 0:00:27]} 0-1

[Event "24th Barcelona Open-A 2019"]
[Site "Barcelona"]
[Date "2019.10.02"]
[Round "6.20"]
[White "Walukow, Theodora Paulina"]
[Black "Garcia Ruiz, Adrian"]
[Result "1/2-1/2"]
[WhiteElo "1864"]
[BlackElo "1955"]
[Annotator "NA"]
[PlyCount "145"]
[EventDate "2019.09.27"]
[EventType "swiss"]
[EventCountry "ESP"]
[SourceTitle "playchess.com"]
[Source "ChessBase"]
[SourceQuality "1"]
[TimeControl "5400+30"]

1. e4 c5 2. Nf3 d6 3. d4 cxd4 4. Nxd4 Nf6 5. Nc3 a6 6. Be3 e6 7. f3 b5 8. Qd2 Nbd7 9. g4 h6 10. h4 Bb7 11. O-O-O b4 12. Nce2 d5 13. Ng3 dxe4 14. Nxe4 Nxe4 15. fxe4 Bxe4 16. Bg2 Bxg2 17. Qxg2 Rc8 18. g5 hxg5 19. Bxg5 Qc7 20. Rhe1 Nf6 21. Rd2 Be7 22. Nf5 Bf8 23. Bxf6 gxf6 24. Ng7+ Bxg7 25. Qxg7 Ke7 26. Rf2 f5 27. Qg5+ Kf8 28. Rg2 Qd8 29. Qg7+ Ke7 30. Rg6 Rc6 31. Qf6+ Kd7 32. Qxf7+ Qe7 33. Rd1+ Rd6 34. Qxe7+ Kxe7 35. Rg7+ Kf6 36. Rxd6 Kxg7 37. Rxe6 Rxh4 38. Rxa6 Rd4 39. Re6 f4 40. Re1 Kf6 41. Rd1 Re4 42. Kd2 Kf5 43. Re1 Rd4+ 44. Ke2 Rd6 45. Kf3 Rd4 46. Re2 Rd1 47. Re4 Rf1+ 48. Ke2 Rc1 49. Kf3 Rf1+ 50. Ke2 Rc1 51. Rxb4 Rxc2+ 52. Kf3 Ke5 53. Rb5+ Kd6 54. Kxf4 Kc6 55. Rb3 Re2 56. a4 Re1 57. a5 Ra1 58. Rb6+ Kc7 59. b4 Rc1 60. Ke5 Rc4 61. Kd5 Rc1 62. Rg6 Kb7 63. a6+ Ka7 64. b5 Rc2 65. Rc6 Rb2 66. Kc5 Rc2+ 67. Kd6 Rb2 68. Rc7+ Kb8 69. Rb7+ Ka8 70. Kc6 Rc2+ 71. Kb6 Rc6+ 72. Ka5 Rxa6+ 73. bxa6 1/2-1/2

[Event "24th Barcelona Open-A 2019"]
[Site "Barcelona"]
[Date "2019.10.03"]
[Round "7.1"]
[White "Donchenko, Alexander"]
[Black "Lagarde, Maxime"]
[Result "1-0"]
[WhiteElo "2631"]
[BlackElo "2657"]
[Annotator "TA"]
[PlyCount "70"]
[EventDate "2019.09.27"]
[EventType "swiss"]
[EventCountry "ESP"]
[SourceTitle "playchess.com"]
[Source "ChessBase"]
[SourceQuality "1"]

{[%evp 14,70,27,29,33,40,28,34,41,40,60,0,40,31,52,55,68,61,62,64,68,67,58,74,75,64,100,88,108,65,108,109,137,136,126,126,139,139,169,175,156,137,285,296,287,264,281,238,415,404,519,505,487,500,659,695,670,667,6187]} 1. d4 ({Predecessor:} 1. Nf3 f5 2. g3 d6 3. d4 Nf6 4. Bg2 g6 5. b3 Bg7 6. Bd2 c6 7. O-O O-O 8. c4 Ne4 9. Qc2 Nd7 10. Nc3 Nxc3 {½-½ (25) Ghaem Maghami,E (2572)-Khademi,M (2296) Zahedan 2012}) 1... f5 2. g3 Nf6 3. Bg2 g6 4. c4 Bg7 5. Nc3 d6 6. Nf3 O-O 7. O-O c6 8. b3 Ne4 $146 {A88: Dutch Defence: Leningrad System: 5 Nf3 0-0 6 0-0 d6 7 Nc3 c6} (8... Re8 9. Bb2 Qc7 10. d5 e5 11. dxe6 Bxe6 12. Ng5 Na6 13. Nxe6 Rxe6 14. Rc1 Nc5 15. e3 Nfe4 16. Qc2 Nxc3 17. Bxc3 Bxc3 18. Qxc3 {½-½ (32) Grischuk,A (2766)-Nepomniachtchi,I (2757) chess.com INT 2018}) 9. Bb2 Nxc3 10. Bxc3 Nd7 {White is slightly better.} 11. Ng5 {Hoping for Ne6.} Nb6 12. Nf3 Nd7 13. Qc2 e5 14. dxe5 dxe5 15. e4 $1 $36 {[%mdl 2048] White fights for an advantage.} f4 16. Bb4 fxg3 17. hxg3 (17. Bxf8 gxh2+ 18. Nxh2 Qxf8 $11) 17... c5 18. Bc3 Qe7 19. Qd2 Nb6 20. Qb2 {[%cal Rf3e5]} Re8 21. Ne1 Bg4 22. Nc2 Bh6 23. Rae1 {[%cal Ba1e1,Be1e3,Be3d3][%mdl 32]} Rad8 24. Ne3 $1 {[%cal Re3g4]} Bxe3 25. Rxe3 Nd7 26. Rd3 a6 27. a4 b5 (27... Nf8 $16 {was worth a try.} 28. Rxd8 Rxd8 29. Bxe5 Rd3) 28. axb5 $18 ({Don't play} 28. cxb5 $6 axb5 29. axb5 Rb8 $18) 28... axb5 29. cxb5 Rb8 {[#]} 30. Ra1 $1 Rxb5 $2 (30... Rb7 31. Bf1 Nf6) 31. Ra7 c4 {[#]} 32. Rdxd7 $1 {[%mdl 512] White is clearly winning.} Bxd7 (32... Qxd7 33. Rxd7) 33. Qd2 Rd8 34. Bf1 cxb3 {...Rc5 would now be nice for Black.} 35. Bc4+ ({Not} 35. Bxb5 Bxb5 36. Qe3 (36. Rxe7 Rxd2 37. Rb7 b2 $17) 36... Qd6 $11) 35... Be6 {Accuracy: White = 88%, Black = 49%.} 1-0

[Event "24th Barcelona Open-A 2019"]
[Site "Barcelona"]
[Date "2019.10.03"]
[Round "7.2"]
[White "Del Rio De Angelis, Salvador G."]
[Black "Perunovic, Milos"]
[Result "0-1"]
[WhiteElo "2488"]
[BlackElo "2569"]
[Annotator "TA"]
[PlyCount "70"]
[EventDate "2019.09.27"]
[EventType "swiss"]
[EventCountry "ESP"]
[SourceTitle "playchess.com"]
[Source "ChessBase"]
[SourceQuality "1"]

{[%evp 14,70,48,50,41,13,16,20,36,41,48,37,49,28,7,12,26,31,17,1,25,-21,-16,-44,-45,-50,-54,-43,-45,-114,-66,-232,-239,-239,-233,-239,-239,-239,-227,-231,-233,-307,-307,-300,-302,-299,-293,-313,-313,-335,-331,-391,-393,-416,-408,-400,-399,-523,-527]} 1. d4 Nf6 2. c4 c5 3. d5 b5 4. cxb5 a6 5. e3 g6 6. Nc3 Bg7 7. a4 O-O 8. e4 Bb7 {A57: Benko/Volga Gambit} 9. e5 Ne8 $1 10. Nf3 axb5 {The position is equal.} 11. Bxb5 d6 12. Bf4 Nd7 {[%cal Rd7e5]} 13. Bxd7 $146 ({Predecessor:} 13. exd6 Nxd6 14. O-O Nxb5 15. axb5 Nb6 16. Rxa8 Qxa8 {½-½ (36) Estremera Panos,S (2353)-Cramling,P (2493) Malaga 2000}) 13... Qxd7 14. O-O dxe5 15. Bxe5 Nf6 16. Qd2 Rfd8 17. Rad1 Qf5 18. Rfe1 Nxd5 19. Qd3 Qxd3 20. Rxd3 f6 $36 {[%mdl 2048] White is under pressure.} 21. Red1 (21. Nxd5 $1 $15 Rxd5 22. Rxd5 Bxd5 23. Bc3) 21... c4 ({Don't play} 21... fxe5 $6 22. Nxd5 Bxd5 23. Rxd5 $11) 22. Rxd5 $2 (22. R3d2 $15) 22... Bxd5 $19 23. Bc7 Rd7 $1 24. Nxd5 Kf7 $1 25. Bb6 Rxa4 {...Rxd5! is the strong threat.} 26. Kf1 {[#]} Ra6 $1 27. Be3 {[#]} Rad6 $1 28. Rc1 Rxd5 29. Rxc4 e5 30. g4 Rb5 31. Rc2 Rdb7 32. Bc1 Bf8 33. Re2 Rc7 34. Be3 Bc5 35. g5 e4 {Accuracy: White = 45%, Black = 89%.} 0-1

[Event "24th Barcelona Open-A 2019"]
[Site "Barcelona"]
[Date "2019.10.03"]
[Round "7.3"]
[White "Sosa, Tomas"]
[Black "Kamsky, Gata"]
[Result "1/2-1/2"]
[WhiteElo "2524"]
[BlackElo "2685"]
[Annotator "TA"]
[PlyCount "46"]
[EventDate "2019.09.27"]
[EventType "swiss"]
[EventCountry "ESP"]
[SourceTitle "playchess.com"]
[Source "ChessBase"]
[SourceQuality "1"]

{[%evp 9,46,5,8,0,16,0,23,22,22,14,26,23,31,0,0,0,0,0,0,0,0,0,4,-45,-32,-22,26,-2,28,21,16,0,0,0,23,0,12,22,20]} 1. e4 c5 2. Nf3 Nc6 3. Bb5 g6 4. Bxc6 bxc6 5. d4 cxd4 6. Qxd4 {B31: Sicilian: 2...Nc6 3 Bb5 g6} f6 7. c4 d6 (7... e5 {with more complications.} 8. Qc3 Kf7 9. c5 Ba6 10. Qa3 Qc8) 8. O-O {White has an edge.} c5 9. Qd3 Nh6 $146 ({Predecessor:} 9... Bg7 10. b3 Nh6 11. Nc3 Rb8 12. Bd2 O-O 13. Rae1 {0-1 (44) Vachier Lagrave,M (2778)-Carlsen,M (2882) Saint Louis 2019}) 10. Nc3 Nf7 11. Be3 Bg7 12. a3 f5 13. Ng5 O-O 14. Rad1 Qe8 15. b4 Rb8 16. Nb5 Nxg5 17. Bxg5 h6 18. Bd2 $1 a6 19. Nc7 Qf7 20. exf5 Bxf5 21. Qe2 $1 cxb4 22. axb4 Rbc8 23. Nd5 Be6 $1 {Accuracy: White = 64%, Black = 69%.} 1/2-1/2

[Event "24th Barcelona Open-A 2019"]
[Site "Barcelona"]
[Date "2019.10.03"]
[Round "7.4"]
[White "Krishna Teja, N."]
[Black "Svane, Rasmus"]
[Result "0-1"]
[WhiteElo "2364"]
[BlackElo "2592"]
[Annotator "ChessBase"]
[PlyCount "100"]
[EventDate "2019.09.27"]
[EventType "swiss"]
[EventCountry "ESP"]
[SourceTitle "playchess.com"]
[Source "ChessBase"]
[SourceQuality "1"]
[TimeControl "5400+30"]

1. Nf3 {[%emt 0:10:05]} Nf6 2. c4 {[%emt 0:00:11]} b6 {[%emt 0:05:14]} 3. g3 {[%emt 0:00:06]} Bb7 {[%emt 0:00:56]} 4. Bg2 g6 {[%emt 0:00:25]} 5. b3 {[%emt 0:04:00]} Bg7 6. Bb2 {[%emt 0:00:00]} O-O {[%emt 0:00:44]} 7. O-O {[%emt 0:01:30]} d6 {[%emt 0:08:42]} 8. d4 {[%emt 0:00:50]} e6 {[%emt 0:01:22]} 9. Nc3 {[%emt 0:06:20]} Ne4 10. Nd2 {[%emt 0:00:30]} Nxc3 {[%emt 0:01:06]} 11. Bxc3 {[%emt 0:01:01]} Bxg2 {[%emt 0:08:22]} 12. Kxg2 {[%emt 0:01:58]} Qe7 {[%emt 0:10:05]} 13. Nf3 {[%emt 0:02:03]} Nd7 {[%emt 0:10:51]} 14. e4 {[%emt 0:04:06]} a6 15. Qe2 {[%emt 0:00:18]} Rfb8 {[%emt 0:01:43]} 16. a4 c5 17. Qb2 {[%emt 0:05:52]} Rb7 {[%emt 0:14:12]} 18. Rfd1 {[%emt 0:03:59]} Rab8 {[%emt 0:00:50]} 19. b4 {[%emt 0:01:41]} cxd4 {[%emt 0:05:33]} 20. Bxd4 {[%emt 0:00:49]} e5 21. Be3 Rc8 {[%emt 0:03:45]} 22. Rac1 {[%emt 0:01:31]} Rbc7 {[%emt 0:00:16]} 23. Qd2 {[%emt 0:03:18]} Bf8 {[%emt 0:01:39]} 24. Qd5 {[%emt 0:04:24]} h6 {[%emt 0:02:55]} 25. b5 {[%emt 0:02:35]} a5 {[%emt 0:02:18]} 26. Nd2 {[%emt 0:04:26]} Kh7 {[%emt 0:01:48]} 27. f3 {[%emt 0:01:15]} h5 {[%emt 0:00:00]} 28. h4 {[%emt 0:00:30]} Nc5 29. Bxc5 {[%emt 0:01:20]} Rxc5 {[%emt 0:04:23]} 30. Qd3 {[%emt 0:00:06]} Bh6 31. Rc2 {[%emt 0:02:23]} Qe6 {[%emt 0:02:20]} 32. Rdc1 {[%emt 0:01:14]} R5c7 {[%emt 0:01:22]} 33. Rd1 {[%emt 0:11:05]} Kg8 {[%emt 0:00:43]} 34. Kf2 {[%emt 0:01:39]} Kg7 {[%emt 0:01:29]} 35. Ke2 Kh7 {[%emt 0:01:28]} 36. Ke1 {[%emt 0:01:30]} Bxd2+ {[%emt 0:01:45]} 37. Rcxd2 {[%emt 0:08:27]} Qh3 {[%emt 0:00:08]} 38. Qxd6 {[%emt 0:00:02]} Qxg3+ {[%emt 0:01:40]} 39. Ke2 Qh2+ 40. Ke3 {[%emt 0:01:14]} Qf4+ {[%emt 0:00:46]} 41. Ke2 {[%emt 0:00:07]} Rxc4 {[%emt 0:03:26]} 42. Qxb6 {[%emt 0:00:52]} Rxa4 {[%emt 0:00:28]} 43. Qe3 {[%emt 0:00:22]} Qxh4 {[%emt 0:01:55]} 44. Rb1 Rac4 {[%emt 0:03:21]} 45. Qg1 {[%emt 0:06:42]} Rc2 {[%emt 0:02:04]} 46. Rbd1 {[%emt 0:04:54]} Qf4 {[%emt 0:01:14]} 47. b6 R8c3 48. Rxc2 {[%emt 0:02:32]} Qxf3+ {[%emt 0:01:02]} 49. Kd2 {[%emt 0:00:03]} Qd3+ {[%emt 0:00:09]} 50. Ke1 {[%emt 0:00:03]} Qxc2 0-1